Normal view
MARC view
- GEOMETRY- TEXT BOOKS
Entry Topical Term
001 - CONTROL NUMBER
- control field: 61160
003 - CONTROL NUMBER IDENTIFIER
- control field: NUST
005 - DATE AND TIME OF LATEST TRANSACTION
- control field: 20210628202711.0
008 - FIXED-LENGTH DATA ELEMENTS
- fixed length control field: 210628|| aca||aabn | a|a d
040 ## - CATALOGING SOURCE
- Original cataloging agency: NUST
- Transcribing agency: NUST
150 ## - HEADING--TOPICAL TERM
- Topical term or geographic name entry element: GEOMETRY- TEXT BOOKS
670 ## - SOURCE DATA FOUND
- Source citation: Work cat.: (NUST): Meyer , Walter 61159, Geometry and its applications, 2006
